Statistics for Nicknames of the Hawaiian Islands

Click here to take the quiz!

General Stats

  • This quiz has been taken 19 times
  • The average score is 7 of 8

Answer Stats

Nickname Island % Correct
The Big IslandHawai'i
100%
The Gathering PlaceO'ahu
100%
The Pineapple IsleLāna'i
94%
The Garden IsleKaua'i
94%
The Valley IsleMaui
94%
The Friendly IsleMoloka'i
94%
The Forbidden IsleNi'ihau
88%
The Target IsleKaho'olawe
75%

Score Distribution

Percentile by Number Answered

Percent of People with Each Score

Your Score History

You have not taken this quiz